| 000 | 00697nam a2200229 a 4500 | ||
|---|---|---|---|
| 999 |
_c1463 _d1463 |
||
| 008 | 200106t2014 ii ad||g |||| 001 0 eng d | ||
| 020 |
_a9788120348592 _cRs. 425.00 |
||
| 040 |
_aKO _eeng |
||
| 041 | 0 | _aeng | |
| 044 | _aii | ||
| 082 | 0 | 4 |
_223 _a629.045 _bB6512 |
| 100 | 1 | _aBose, Amitava | |
| 245 | 1 | 0 |
_aFundamentals of Navigation and Inertial Sensors / _cAmitava Bose, K. N. Bhat and Thomas Kurian. |
| 260 |
_aNew Delhi : _bPHI Learning Private Limited , _c2014. |
||
| 300 |
_axvii , 322p . : _bill., charts ; _c24 cm |
||
| 504 | _aIncludes Index. | ||
| 650 | 0 |
_aInertial navigation _vTextbooks |
|
| 700 |
_aBhat, K. N. _eaut |
||
| 700 |
_aKurian, Thomas _eaut |
||
| 942 | _cBK | ||